Нормален изглед
MARC изглед
- Загорчинов, Стоян
Вход 01. Лично име
001 - Контролен номер на записа
- Контролно поле: 420232
003 - Код на организацията, даваща контролен номер
- Контролно поле: BLK
005 - Дата и час на последна промяна на записа
- Контролно поле: 20200724084237.0
008 - Данни с фиксирана дължина – обща информация
- Данни с фиксирана дължина : 200724|| aca||aabn | a|a d
100 ## - ИМЕ НА ЛИЦЕ -ПЪРВИЧНА ИНТЕЛЕКТУАЛНА ОТГОВОРНОСТ
- Лично име: Загорчинов, Стоян
- Ключова дума за отношение: Първи автор
942 ## - Системна служебна употреба
- Koha auth type: PERSO_NAME